An Introduction to Early Modern Europe 1400-1789: (Record no. 189072)

MARC details
000 -LEADER
fixed length control field 00598nam a2200181 4500
005 - DATE AND TIME OF LATEST TRANSACTION
control field 20220613110337.0
010 ## - LCCN (DPL NO)
LC control number ENG-133234
020 ## - INTERNATIONAL STANDARD BOOK NUMBER
International Standard Book Number 978-81190-409-56-8
Terms of availability 350.00
035 ## - SYSTEM CONTROL NUMBER
System control number EN-116766
037 ## - SOURCE OF ACQUISITION
Source of stock number/acquisition DBAD/PUB
082 ## - DEWEY DECIMAL CLASSIFICATION NUMBER
Classification number 940.2
100 ## - MAIN ENTRY--PERSONAL NAME
Personal name Mukhopadhyay, Subodh Kumar
245 ## - TITLE STATEMENT
Title An Introduction to Early Modern Europe 1400-1789:
Remainder of title A Political Social Economic and Cultural History/
Statement of responsibility, etc Subodh Kumar Mukhopadhyay
260 ## - PUBLICATION, DISTRIBUTION, ETC. (IMPRINT)
Place of publication, distribution, etc Kokata
Name of publisher, distributor, etc Pitram
Date of publication, distribution, etc 2007
270 ## - ADDRESS
Address 37A, College Street
City Kokata
Postal code 73
300 ## - PHYSICAL DESCRIPTION
Extent 605p.
Other physical details Index
Dimensions 22cm(pbk)
942 ## - ADDED ENTRY ELEMENTS (KOHA)
Source of classification or shelving scheme Dewey Decimal Classification
Item type English Books
Classification part 940.2
Call number suffix MUK
Holdings
Withdrawn status Lost status Not for loan Collection code Home library Current library Date acquired Source of acquisition Cost, normal purchase price Full call number Barcode Copy number Cost, replacement price Koha item type
      Non-fiction Bawana Bawana 13/06/2022 DBAD/PUB 350.00 940.2 MUK EN-116766 1 350.00 English Books

© Delhi Public Library
Hit Counter
free hit counter